| 000 | 00395nam a22001337a 4500 | ||
|---|---|---|---|
| 005 | 20160314072357.0 | ||
| 008 | 110715s2012 nyua 001 0 eng | ||
| 020 | _a9780071784313 | ||
| 020 | _a0071784314 | ||
| 041 | _aeng | ||
| 080 | _a336.63 | ||
| 245 | 1 | 0 |
_aMaverick trading : _cDarren Fischer, Jon Frohlich, Robb Reinhold. |
| 942 |
_2udc _cBK |
||
| 999 |
_c735 _d735 |
||